Children as 'risk': sexual exploitation and abuse by children and young people
| Autor principal: | |
|---|---|
| Tipo de documento: | Print Libro |
| Lenguaje: | Inglés |
| Publicado: |
Cambridge New York, NY Port Melbourne, VIC New Delhi Singapore
Cambridge University Press
2018
|
| En: | Año: 2018 |
| Acceso en línea: |
Índice Texto de la solapa |
| Disponibilidad en Tübingen: | Disponible en Tübingen. UB: KB 20 A 9905 |
| Verificar disponibilidad: | HBZ Gateway |
| Servicio de pedido Subito: | Pedir ahora. |
| Palabras clave: |
MARC
| LEADER | 00000cam a2200000 c 4500 | ||
|---|---|---|---|
| 001 | 1645109577 | ||
| 003 | DE-627 | ||
| 005 | 20251225204829.0 | ||
| 007 | tu | ||
| 008 | 181211s2018 xxk||||| 00| ||eng c | ||
| 016 | 7 | |a GBB8H1599 |2 UK | |
| 020 | |a 9781107144842 |c hardback : £85.00 |9 978-1-107-14484-2 | ||
| 035 | |a (DE-627)1645109577 | ||
| 035 | |a (DE-576)515073814 | ||
| 035 | |a (DE-599)BSZ515073814 | ||
| 035 | |a (OCoLC)1080891435 | ||
| 035 | |a (BL)019054842 | ||
| 040 | |a DE-627 |b ger |c DE-627 |e rda | ||
| 041 | |a eng | ||
| 044 | |c XA-GB | ||
| 082 | 0 | |a 306.7083 | |
| 084 | |a 2,1 |2 ssgn | ||
| 100 | 1 | |a McAlinden, Anne-Marie |e VerfasserIn |0 (DE-588)1051227127 |0 (DE-627)785877584 |0 (DE-576)26126091X |4 aut | |
| 109 | |a McAlinden, Anne-Marie |a McAlinden, Anne Marie |a MacAlinden, Anne-Marie |a Mc Alinden, Anne-Marie | ||
| 245 | 1 | 0 | |a Children as 'risk' |b sexual exploitation and abuse by children and young people |c Anne-Marie McAlinden (Queen's University Belfast) |
| 264 | 1 | |a Cambridge |a New York, NY |a Port Melbourne, VIC |a New Delhi |a Singapore |b Cambridge University Press |c 2018 | |
| 300 | |a viii, 356 Seiten | ||
| 336 | |a Text |b txt |2 rdacontent | ||
| 337 | |a ohne Hilfsmittel zu benutzen |b n |2 rdamedia | ||
| 338 | |a Band |b nc |2 rdacarrier | ||
| 490 | 0 | |a Cambridge studies in law and society | |
| 583 | 1 | |a Archivierung/Langzeitarchivierung gewährleistet |f SSG |x XA-DE-BW |2 pdager |5 DE-21 | |
| 650 | 0 | |a Children |x Sexual behavior | |
| 650 | 0 | |a Children and sex | |
| 689 | 0 | 0 | |d s |0 (DE-588)4030550-8 |0 (DE-627)104360100 |0 (DE-576)208988165 |a Kind |2 gnd |
| 689 | 0 | 1 | |d s |0 (DE-588)4116485-4 |0 (DE-627)105806315 |0 (DE-576)209501987 |a Sexualverhalten |2 gnd |
| 689 | 0 | 2 | |d s |0 (DE-588)4126865-9 |0 (DE-627)105729094 |0 (DE-576)20958873X |a Sexueller Missbrauch |2 gnd |
| 689 | 0 | 3 | |d s |0 (DE-588)4028907-2 |0 (DE-627)106276530 |0 (DE-576)208980032 |a Jugendlicher Täter |2 gnd |
| 689 | 0 | |5 (DE-627) | |
| 776 | 1 | |z 9781316534847 |c PDF : £108.00 | |
| 856 | 4 | 2 | |u https://swbplus.bsz-bw.de/bsz515073814inh.htm |m V:DE-576;B:DE-21 |q application/pdf |v 20190228141345 |3 Inhaltsverzeichnis |7 1 |
| 856 | 4 | 2 | |u https://swbplus.bsz-bw.de/bsz515073814kla.htm |m V:DE-576;B:DE-21 |q application/pdf |v 20190228141346 |3 Klappentext |7 1 |
| 935 | |a mkri | ||
| 951 | |a BO | ||
| ELC | |b 1 | ||
| LOK | |0 000 xxxxxcx a22 zn 4500 | ||
| LOK | |0 001 3312807220 | ||
| LOK | |0 003 DE-627 | ||
| LOK | |0 004 1645109577 | ||
| LOK | |0 005 20190227105322 | ||
| LOK | |0 008 181211||||||||||||||||ger||||||| | ||
| LOK | |0 040 |a DE-21 |c DE-627 |d DE-21 | ||
| LOK | |0 852 |a DE-21 | ||
| LOK | |0 852 1 |c KB 20 A 9905 |9 00 | ||
| LOK | |0 935 |a krim | ||
| LOK | |0 938 |a 1902 |f 34 | ||
| LOK | |0 939 |a 11-12-18 |b l01 | ||
| LOK | |0 000 xxxxxcx a22 zn 4500 | ||
| LOK | |0 001 3487834537 | ||
| LOK | |0 003 DE-627 | ||
| LOK | |0 004 1645109577 | ||
| LOK | |0 005 20191114094550 | ||
| LOK | |0 008 190617||||||||||||||||ger||||||| | ||
| LOK | |0 040 |a DE-Frei85 |c DE-627 |d DE-Frei85 | ||
| LOK | |0 852 |a DE-Frei85 | ||
| LOK | |0 852 1 |m p |9 00 | ||
| LOK | |0 938 |k p | ||
| LOK | |0 939 |a 17-06-19 |b l01 | ||
| ORI | |a SA-MARC-krimdoka001.raw | ||
| SIG | |a UB: KB 20 A 9905 | ||
